[Event "Titled Tuesday intern op 16th Apr Late"]
[Site "Chess.com INT"]
[Date "2024.04.16"]
[Round "10"]
[White "Dias, Simao Poscidonio"]
[Black "Lehtosaari, Mauri"]
[Result "1-0"]
[WhiteElo "2068"]
[BlackElo "2149"]
[PlyCount "85"]
[EventDate "2024.04.16"]
[EventType "swiss (blitz)"]
[EventRounds "11"]
[EventCountry "USA"]
[SourceTitle "CB17_2024"]
[SourceDate "2024.04.24"]
[SourceVersion "1"]
[SourceVersionDate "2024.04.24"]
[SourceQuality "1"]

1. e4 c5 2. Nf3 e6 3. d4 cxd4 4. Nxd4 Qb6 5. Nb3 Qc7 6. Be3 Nf6 7. Bd3 a6 8. 0-0 d6 9. c4 b6 10. Nc3 Bb7 11. f3 Be7 12. Qe2 0-0 13. Rfc1 Nbd7 14. Na4 Nc5 15. Nbxc5 dxc5 16. Nc3 Rfd8 17. Bc2 Bd6 18. g3 Be5 19. Bb3 Bd4 20. Kg2 h6 21. Bxd4 Rxd4 22. Rd1 Rad8 23. Rxd4 Rxd4 24. Rd1 Qd8 25. Kf2 Qd7 26. Bc2 Bc6 27. Rd3 h5 28. Qd2 h4 29. Ne2 hxg3+ 30. hxg3 e5 31. Nxd4 exd4 32. Qg5 Qh3 33. Qh4 Qe6 34. Rd2 Qxc4 35. e5 Nd5 36. Bh7+ Kf8 37. Qd8+ Be8 38. Be4 Nb4 39. Qxb6 Qc1 40. Re2 d3 41. Qd6+ Kg8 42. Bxd3 Qd1 43. Bh7+ 1-0

[Event "Titled Tuesday intern op 02nd Apr Early"]
[Site "Chess.com INT"]
[Date "2024.04.02"]
[Round "5"]
[White "Bortnyk, Olexandr"]
[Black "Lehtosaari, Mauri"]
[Result "1-0"]
[WhiteElo "2608"]
[BlackElo "2149"]
[PlyCount "59"]
[EventDate "2024.04.02"]
[EventType "swiss (blitz)"]
[EventRounds "11"]
[EventCountry "USA"]
[SourceTitle "CB15_2024"]
[SourceDate "2024.04.10"]
[SourceVersion "1"]
[SourceVersionDate "2024.04.10"]
[SourceQuality "1"]

1. e4 Nf6 2. e5 Nd5 3. d4 d6 4. Nf3 Bg4 5. exd6 cxd6 6. c4 Nf6 7. h3 Bxf3 8. Qxf3 Nc6 9. Be3 e6 10. Nc3 Be7 11. Bd3 a6 12. 0-0 0-0 13. Rad1 d5 14. b3 Rc8 15. c5 e5 16. Bf5 e4 17. Qg3 Rb8 18. Bh6 Ne8 19. Bf4 Ra8 20. Na4 Nf6 21. Bc7 Qe8 22. Nb6 Ra7 23. f3 Nh5 24. Qh2 e3 25. Bd7 e2 26. Bxe8 exf1Q+ 27. Kxf1 Rxe8 28. Nxd5 Bg5 29. h4 Bh6 30. g4 1-0

[Event "Titled Tuesday intern op 12th Mar Late"]
[Site "Chess.com INT"]
[Date "2024.03.12"]
[Round "5"]
[White "Jackson, Edward"]
[Black "Lehtosaari, Mauri"]
[Result "1-0"]
[WhiteElo "2156"]
[BlackElo "2141"]
[PlyCount "67"]
[EventDate "2024.03.12"]
[EventType "swiss (blitz)"]
[EventRounds "11"]
[EventCountry "USA"]
[SourceTitle "CB12_2024"]
[SourceDate "2023.10.01"]
[SourceVersion "1"]
[SourceVersionDate "2023.10.01"]
[SourceQuality "1"]

1. e4 c5 2. c3 Nf6 3. e5 Nd5 4. d4 cxd4 5. Nf3 e6 6. cxd4 d6 7. Bc4 Be7 8. Qe2 b6 9. 0-0 0-0 10. Nc3 Nxc3 11. bxc3 Bb7 12. Bf4 Nc6 13. Rad1 Rc8 14. h4 Na5 15. Bd3 Rxc3 16. Ng5 h6 17. exd6 Bxd6 18. Nxe6 Qxh4 19. Bxd6 Re8 20. Bg3 Qf6 21. Qd2 Rxd3 22. Qxd3 Qxe6 23. d5 Qg4 24. Rfe1 Rd8 25. d6 Nc6 26. d7 g6 27. Re8+ Kh7 28. Rxd8 Nxd8 29. Qd4 Qe6 30. f3 Qxa2 31. Bc7 Ne6 32. Qf6 Nxc7 33. d8Q Bd5 34. Qdh8# 1-0

[Event "Titled Tuesday intern op 27th Feb Late"]
[Site "Chess.com INT"]
[Date "2024.02.27"]
[Round "9"]
[White "Lehtosaari, Mauri"]
[Black "Novak, Ratko"]
[Result "1-0"]
[WhiteElo "2142"]
[BlackElo "2037"]
[PlyCount "53"]
[EventDate "2024.02.27"]
[EventType "swiss (blitz)"]
[EventRounds "11"]
[EventCountry "USA"]
[SourceTitle "CB10_2024"]
[SourceDate "2024.03.06"]
[SourceVersion "1"]
[SourceVersionDate "2024.03.06"]
[SourceQuality "1"]

1. d4 d5 2. c4 c5 3. dxc5 d4 4. Nf3 Nc6 5. e3 e5 6. exd4 exd4 7. Bd3 Qe7+ 8. Be2 Bf5 9. 0-0 0-0-0 10. Bd3 Qxc5 11. Bf4 Bg4 12. Na3 Bd6 13. Bxd6 Rxd6 14. Be4 Nf6 15. Bxc6 bxc6 16. Qd3 Qf5 17. Qxf5+ Bxf5 18. c5 Rd5 19. b4 Bg4 20. Nc4 Bxf3 21. gxf3 Kc7 22. Rfe1 Rhd8 23. Rad1 Nh5 24. Nd6 f5 25. Re7+ Rd7 26. Re8 Nf4 27. Rc8# 1-0

[Event "Titled Tuesday intern op 27th Feb Late"]
[Site "Chess.com INT"]
[Date "2024.02.27"]
[Round "10"]
[White "Spitzl, Vinzent"]
[Black "Lehtosaari, Mauri"]
[Result "0-1"]
[WhiteElo "2365"]
[BlackElo "2142"]
[PlyCount "92"]
[EventDate "2024.02.27"]
[EventType "swiss (blitz)"]
[EventRounds "11"]
[EventCountry "USA"]
[SourceTitle "CB10_2024"]
[SourceDate "2024.03.06"]
[SourceVersion "1"]
[SourceVersionDate "2024.03.06"]
[SourceQuality "1"]

1. d4 d5 2. Nf3 Nf6 3. c4 c6 4. g3 Bf5 5. Bg2 e6 6. 0-0 Nbd7 7. b3 Be7 8. Nc3 0-0 9. Re1 Ne4 10. Nxe4 Bxe4 11. Bf4 a5 12. Ne5 Bxg2 13. Nxd7 Qxd7 14. Kxg2 Bf6 15. Be5 Bxe5 16. dxe5 Rfd8 17. e3 dxc4 18. bxc4 Qc7 19. Qb3 Rab8 20. Qc3 Rd7 21. c5 Rd5 22. f4 Rbd8 23. Re2 Rd3 24. Qb2 h5 25. Rb1 R8d7 26. h4 a4 27. Qb4 a3 28. Rb3 Rxb3 29. axb3 Rd1 30. Qxa3 Qd7 31. Qb2 Qd5+ 32. e4 Qxc5 33. Rf2 Qe3 34. Qe2 Qc1 35. f5 Rg1+ 36. Kh2 Rh1+ 37. Kg2 Qg1+ 38. Kf3 Rh3 39. Rg2 Qc1 40. Qe3 Qd1+ 41. Kf2 Rh1 42. Qe2 Qd4+ 43. Kf3 Rd1 44. f6 Rd3+ 45. Kf4 gxf6 46. exf6 Qxf6# 0-1

[Event "Titled Tuesday intern op 13th Feb Late"]
[Site "Chess.com INT"]
[Date "2024.02.13"]
[Round "1"]
[White "Anton Guijarro, David"]
[Black "Lehtosaari, Mauri"]
[Result "1-0"]
[WhiteElo "2672"]
[BlackElo "2142"]
[PlyCount "77"]
[EventDate "2024.02.13"]
[EventType "swiss (blitz)"]
[EventRounds "11"]
[EventCountry "USA"]
[SourceTitle "CB08_2024"]
[SourceDate "2024.02.21"]
[SourceVersion "1"]
[SourceVersionDate "2024.02.21"]
[SourceQuality "1"]

1. Nf3 d5 2. c4 c6 3. e3 Nf6 4. Nc3 a6 5. h3 b5 6. b3 Bf5 7. Nh4 Be6 8. cxd5 cxd5 9. Bb2 g6 10. a4 b4 11. Ne2 Bg7 12. Nf4 Bc8 13. Nf3 0-0 14. Be2 a5 15. 0-0 Ba6 16. Rc1 Bxe2 17. Qxe2 e6 18. d3 Nbd7 19. Rc2 Qb6 20. Rfc1 Rfb8 21. Rc6 Qd8 22. Qc2 Ne8 23. Bxg7 Kxg7 24. e4 Qf6 25. Nxd5 Qd8 26. Qb2+ Kg8 27. Ne3 Rc8 28. Ng4 h5 29. Nh6+ Kf8 30. Qh8+ Ke7 31. Ng8+ Kf8 32. Nh6+ Ke7 33. Ng5 Nd6 34. Qxd8+ Rxd8 35. Rxd6 Kxd6 36. Nhxf7+ Ke7 37. Nxd8 Rxd8 38. d4 Kf6 39. f4 1-0